000 00369pam a2200133 a 4500
020 _a0393024865 :
_c$17.95
050 0 0 _aPS3559.G54
_bA7 1987
100 1 _aIgnatius, David,
_d1950-
245 1 0 _aAgents of innocence /
_cDavid Ignatius.
260 _aNew York [USA] :
_bW.W. Norton,
_cc1987.
300 _a444 p. ;
650 _xSpy stories ;
_xTerrorists.
942 _2lcc
_cGEN
999 _c7162
_d7162